| 000 | 00851nam a2200217 4500 | ||
|---|---|---|---|
| 005 | 20211212231637.0 | ||
| 008 | 211210s1960 sp |||fr|||| 001 0 spa d | ||
| 040 |
_aCENDOC CAAAP _bspa _cCAAAP |
||
| 041 | _aspa | ||
| 050 |
_aPQ 8497 _b.J81 |
||
| 100 |
_9346 _aJuaniz, Conrado |
||
| 245 |
_aSarayacu : _btragedia en la selva peruana / _cConrado Juaniz, O.F.M. |
||
| 250 | _a1ra ed. | ||
| 260 |
_aMadrid: _bEditorial Cisneros, _c1960 |
||
| 300 | _a131 p. | ||
| 490 | _a(Colección Heraldos) | ||
| 505 | _aContiene: Un insigne informador -- Un gobernador bíblico -- ...Y otro corriente -- Donde se pondera a los italianos -- Adiós a la selva -- Sandi, en Cashiboya -- Juego, licor y broncas -- La guerra con España EN a prisión de Chachamayo --In pace. | ||
| 650 | 0 |
_9372 _aLiteratura |
|
| 650 | 0 |
_94550 _aTragedia |
|
| 942 |
_2lcc _b10- 12 - 21 _cBK |
||
| 999 |
_c3067 _d3067 |
||